[Event "Bad Homburg"]
[Site "Bad Homburg"]
[Date "1996.??.??"]
[Round "4"]
[White "Unzicker, Wolfgang"]
[Black "Bezold, Michael"]
[Result "1/2-1/2"]
[WhiteElo "2460"]
[BlackElo "2495"]
[PlyCount "51"]
[EventDate "1996.07.20"]
[EventType "tourn"]
[EventRounds "9"]
[EventCountry "GER"]
[EventCategory "12"]
[SourceTitle "CBM 055"]
[Source "ChessBase"]
[SourceDate "1996.12.01"]
[SourceVersion "1"]
[SourceVersionDate "1996.12.01"]
[SourceQuality "1"]

1. e4 c5 2. Nf3 e6 3. d4 cxd4 4. Nxd4 a6 5. Bd3 Bc5 6. Nb3 Ba7 7. Qe2 Nc6 8. Be3 Nf6 9. Nc3 d6 10. 0-0 b5 11. a3 0-0 12. Rad1 e5 13. Bxa7 Rxa7 14. Qe3 Be6 15. Nd5 Rb7 16. c4 Nd7 17. cxb5 axb5 18. Be2 b4 19. a4 Na5 20. Ba6 Rb8 21. Nxa5 Qxa5 22. Ne7+ Kh8 23. Bb5 Qc7 24. Nc6 Ra8 25. Nxb4 Nc5 26. Nd5 1/2-1/2